LINDUNGAN BULAN : (Record no. 192143)

MARC details
000 -LEADER
fixed length control field 01029nam a2200277 i 4500
005 - DATE AND TIME OF LATEST TRANSACTION
control field 20250323150128.0
008 - FIXED-LENGTH DATA ELEMENTS--GENERAL INFORMATION
fixed length control field 230614s1981 my ||||f |||| 00| 0 may d
020 ## - INTERNATIONAL STANDARD BOOK NUMBER
Qualifying information paperback
040 ## - CATALOGING SOURCE
Original cataloging agency PPAK
Language of cataloging eng
Transcribing agency PPAK
Description conventions rda
082 04 - DEWEY DECIMAL CLASSIFICATION NUMBER
Edition number 23
Classification number 959.511205
090 00 - LOCALLY ASSIGNED LC-TYPE CALL NUMBER (OCLC); LOCAL CALL NUMBER (RLIN)
Classification number (OCLC) (R) ; Classification number, CALL (RLIN) (NR) 959.511205
Local cutter number (OCLC) ; Book number/undivided call number, CALL (RLIN) LIN
Feature heading KWS
Classification number (OCLC) (R) ; Classification number, CALL (RLIN) (NR) 959.511205
Local cutter number (OCLC) ; Book number/undivided call number, CALL (RLIN) LIN
Feature heading KZR
245 00 - TITLE STATEMENT
Title LINDUNGAN BULAN :
Remainder of title MAJALAH PERSATUAN SEJARAH MALAYSIA, CAWANGAN NEGERI KEDAH.
Medium Jilid 9
264 #1 - PRODUCTION, PUBLICATION, DISTRIBUTION, MANUFACTURE, AND COPYRIGHT NOTICE
Place of production, publication, distribution, manufacture Alor Setar, Kedah :
Name of producer, publisher, distributor, manufacturer PERSATUAN SEJARAH MALAYSIA, CAWANGAN KEDAH,
Date of production, publication, distribution, manufacture, or copyright notice [1981]
300 ## - PHYSICAL DESCRIPTION
Extent 64 pages :
Dimensions 26 cm
310 ## - CURRENT PUBLICATION FREQUENCY
Current publication frequency Annual
336 ## - CONTENT TYPE
Content type term text
Source rdacontent
337 ## - MEDIA TYPE
Media type term unmediated
Source rdamedia
338 ## - CARRIER TYPE
Carrier type term volume
Source rdacarrier
362 0# - DATES OF PUBLICATION AND/OR SEQUENTIAL DESIGNATION
Dates of publication and/or sequential designation Jilid 9, Bil.1 (November 1981)-
500 ## - GENERAL NOTE
General note Sempena Hari Konvensyen Sejarah Kedah, 28Hb Nov - 2Hb Des 1981.
651 #0 - SUBJECT ADDED ENTRY--GEOGRAPHIC NAME
Geographic name Kedah
General subdivision History
Form subdivision Periodicals
710 2# - ADDED ENTRY--CORPORATE NAME
Corporate name or jurisdiction name as entry element Persatuan Sejarah Malaysia Cawangan Kedah,
Relator term issuing body.
850 ## - HOLDING INSTITUTION
Holding institution PPAK
Field link and sequence number Jilid 9, Bilangan 1- (November 1981)-
942 ## - ADDED ENTRY ELEMENTS (KOHA)
Source of classification or shelving scheme Dewey Decimal Classification
Koha item type Serial
Holdings
Withdrawn status Lost status Source of classification or shelving scheme Damaged status Not for loan Collection code Home library Current library Shelving location Date acquired Cost, normal purchase price Serial Enumeration / chronology Total Checkouts Full call number Barcode Date last seen Cost, replacement price Price effective from Koha item type Date last checked out
    Dewey Decimal Classification   Not For Loan RFID Perpustakaan Alor Setar Perpustakaan Alor Setar KWS 26/06/2023 0.00 Jilid 9   KWS 959.511205 LIN KWS000260 26/06/2023 10.00 26/06/2023 Serial  
    Dewey Decimal Classification   Not For Loan RFID Perpustakaan Alor Setar Perpustakaan Alor Setar KWS 26/06/2023 0.00 Jilid 9 5 KWS 959.511205 LIN KWS000261 27/07/2023 10.00 26/06/2023 Serial 27/07/2023
    Dewey Decimal Classification   Not For Loan RFIDTI Perpustakaan Alor Setar Perpustakaan Alor Setar KZR 24/03/2025 0.00 Jilid 9, November 1981, Bil. 1   KZR 959.511205 LIN A00367904 24/03/2025 0.00 24/03/2025 Serial